The ethos of the Song of Roland.

Bibliographic Details
Main Author: Jones, George Fenwick, 1916-2010
Format: Book
Language:English
Published: Baltimore : Johns Hopkins Press, 1963.
Subjects:

MARC

Tag First Indicator Second Indicator Subfields
LEADER 00000cam a2200000 4500
001 in00000022908
005 20151007064206.0
008 720619s1963 mdu b 00000 eng
010 |a  63011891  
035 |a (OCoLC)00336308 
035 |9 AAD9273AM 
040 |a DLC  |c WSU  |d OCL  |d TXA  |d UtOrBLW 
049 |a TXAM  |c [364387] 
050 0 |a PQ1524.E8  |b J6 1963 
082 0 |a 841.1 
092 |a 841  |b C458Yj 
100 1 |a Jones, George Fenwick,  |d 1916-2010. 
245 1 4 |a The ethos of the Song of Roland. 
264 1 |a Baltimore :  |b Johns Hopkins Press,  |c 1963. 
300 |a 216 pages ;  |c 22 cm. 
336 |a text  |b txt  |2 rdacontent 
337 |a unmediated  |b n  |2 rdamedia 
338 |a volume  |b nc  |2 rdacarrier 
504 |a Bibliography: pages 197-203. 
630 0 0 |a Chanson de Roland. 
999 |a MARS 
999 f f |s dff98994-7915-3fc6-ba79-997067b1fe59  |i 8600552c-0ea6-3cc8-b4a8-628ab7d362bf  |t 0 
952 f f |p normal  |a Texas A&M University  |b College Station  |c Sterling C. Evans Library  |d Evans: Library Stacks  |t 0  |e PQ1524.E8 J6 1963  |h Library of Congress classification  |i unmediated -- volume  |m A14801362779 
998 f f |a PQ1524.E8 J6 1963  |t 0  |l Evans: Library Stacks